История микроскопа и микроскопических исследований в Россиии в XVIII веке
| Autore principale: | |
|---|---|
| Ente Autore: | |
| Lingua: | russo |
| Pubblicazione: |
Москва, Изд-во АН СССР, 1949
|
| Serie: | Итоги и проблемы современной науки |
| Soggetti: |
Ломоносов
> Михаил Васильевич
> М. В.
> ученый-естествоиспытатель, поэт, историк, художник, деятель просвещения, науки и экономики
> 1711-1765
Болотов
> А. Т.
> российский естествоиспытатель, писатель
> один из основоположников агрономической науки,хозяйственного и статистического учета в России
> 1738-1833
> Андрей Тимофеевич
|
| Natura: | MixedMaterials Libro |
| KOHA link: | https://koha.lib.tpu.ru/cgi-bin/koha/opac-detail.pl?biblionumber=209318 |
MARC
| LEADER | 00000nam0a2200000 4500 | ||
|---|---|---|---|
| 001 | 209318 | ||
| 005 | 20231101225530.0 | ||
| 035 | |a (RuTPU)RU\TPU\book\228641 | ||
| 090 | |a 209318 | ||
| 100 | |a 20120210d1949 km y0rusy50 ca | ||
| 101 | 0 | |a rus | |
| 102 | |a RU | ||
| 105 | |a a z 001zd | ||
| 200 | 1 | |a История микроскопа и микроскопических исследований в Россиии в XVIII веке |f С. Л. Соболь |g Академия наук СССР (АН СССР), Институт истории естествознания (ИИЕ АН СССР) | |
| 210 | |a Москва |a Ленинград |c Изд-во АН СССР |d 1949 | ||
| 215 | |a 606 с. |c ил. | ||
| 225 | 1 | |a Итоги и проблемы современной науки | |
| 320 | |a Библиогр.: с. 583-591. | ||
| 320 | |a Указатель имен и предметов: с. 592-603. | ||
| 600 | 1 | |a Ломоносов |g Михаил Васильевич |b М. В. |c ученый-естествоиспытатель, поэт, историк, художник, деятель просвещения, науки и экономики |f 1711-1765 |2 stltpush |3 (RuTPU)RU\TPU\pers\975 | |
| 600 | 1 | |a Тереховский |b М. М. |c медик |c один из первых русских микробиологов |f 1740-1796 |g Мартын Матвеевич |2 stltpush |3 (RuTPU)RU\TPU\pers\24579 |9 10877 | |
| 600 | 1 | |a Болотов |b А. Т. |c российский естествоиспытатель, писатель |c один из основоположников агрономической науки,хозяйственного и статистического учета в России |f 1738-1833 |g Андрей Тимофеевич |2 stltpush |3 (RuTPU)RU\TPU\pers\14378 |9 4759 | |
| 600 | 1 | |a Каржавин |b Ф. В. |c российский просветитель |c путешественник |f 1745-1812 |g Федор Васильевич |c литератор |2 stltpush |3 (RuTPU)RU\TPU\pers\12792 | |
| 600 | 1 | |a Мусин-Пушкин |g Алексей Иванович |b А. И. |c русский историк |c археограф |f 1744-1817 |2 stltpush |3 (RuTPU)RU\TPU\pers\1730 | |
| 606 | 1 | |a Микроскопы инструментальные |2 stltpush |3 (RuTPU)RU\TPU\subj\43736 |9 63196 | |
| 610 | 1 | |a микроскопические исследования | |
| 610 | 1 | |a история | |
| 610 | 1 | |a Россия | |
| 610 | 1 | |a 18 век | |
| 610 | 1 | |a русские ученые | |
| 610 | 1 | |a ахроматические микроскопы | |
| 610 | 1 | |a микрографы | |
| 675 | |a 681.72 |v 3 | ||
| 700 | 1 | |a Соболь |b С. Л. | |
| 712 | 0 | 2 | |a Академия наук СССР (АН СССР) |b Институт истории естествознания (ИИЕ АН СССР) |c (Москва) |c (1944-1953) |2 stltpush |3 (RuTPU)RU\TPU\col\14063 |
| 801 | 1 | |a RU |b 63413507 |c 20120210 | |
| 801 | 2 | |a RU |b 63413507 |c 20120301 |g RCR | |
| 942 | |c BK | ||